000 00773nam a2200205Ii 4500
003 JO-AjNU
008 230605s9999||||xx |||||||||||||| ||und||
040 _aJO-AjNU
_bara
_erda
_cJO-AjNU
041 _aara
050 1 4 _aDS119.7.B26 2006
100 3 _aتاليف بلقزيز، عبد الإله,
_eauthor
_912836
245 0 0 _aأزمة المشروع الوطني الفلسطيني من فتح الى حماس
250 _aط1
264 3 1 _aبيروت: مركز دراسات الوحدة العربية، 2004
300 _a159ص
336 _atext
_btxt
_2rdacontent
337 _aunmediated
_bn
_2rdamedia
338 _avolume
_bnc
_2rdacarrier
650 4 _aفلسطين-سياسة وحكومة- القرن العشرون، حركة فتح- حرمة حماس
_912837
999 _aA3038
_c6606
_d6606